[Event "Titled Tue 6th Dec Late"]
[Site "chess.com INT"]
[Date "2022.12.06"]
[Round "7"]
[White "Maghsoodloo, Parham"]
[Black "Andreikin, D."]
[Result "0-1"]
[WhiteElo "2719"]
[BlackElo "2729"]
[PlyCount "60"]
[EventDate "2022.12.06"]

1. d4 {Quintiliano,Renato} d5 2. c4 e6 3. Nf3 a6 4. cxd5 exd5 5. Nc3 Nf6 6. Bf4 ({RR} 6. Bg5 Be6 7. e3 ({RR} 7. Qb3 b5 8. e3 ({RR} 8. Bxf6 Qxf6 9. Nxd5 Qd8) 8... Nbd7 9. Be2 c5) 7... Nbd7 8. Bd3 h6 ({RR} 8... Bd6 9. O-O O-O 10. Qc2 h6 11. Bf4 ({RR} 11. Bh4 Re8 12. Rad1 c6 13. Bh7+ Kh8 14. Bf5 Bxf5 15. Qxf5 g6 16. Qc2 Qe7) 11... Qe7 ({RR} 11... Bxf4 12. exf4) 12. Bxd6 Qxd6 13. a3 Bg4 14. Nd2 c5 15. dxc5 Nxc5 16. h3 Bd7 17. Nf3 Rac8) 9. Bh4 g5 10. Bg3 Nh5 11. Be5 Ng7 12. h3 ({RR} 12. Bg3 c6 13. h3 Nf5 14. Bh2 Bg7 15. Qc2 Ne7 16. O-O) ({RR} 12. O-O g4 13. Bxg7 Bxg7 14. Ne1 h5 15. Qc2 Nb6 16. a4 a5 17. Bf5 Qe7 18. Bxe6 fxe6 19. Nd3 O-O 20. Ne2) 12... Nxe5 13. Nxe5 Bd6 14. O-O h5 15. f4) 6... Bd6 7. Bg3 Ne4 $146 ({RR} 7... c6 8. e3 Bf5 9. Qb3 b5 10. Be2 O-O 11. O-O Bxg3 12. hxg3 Qd6 13. Ne5 Nbd7 14. f4 Ne4 15. g4 Nd2 16. Qd1 Nxf1 17. Qxf1 Be6 18. f5 Nxe5 19. dxe5 Qxe5 20. fxe6 Qxe3+ 21. Qf2 Qxf2+ 22. Kxf2 {Luong Phuong Hanh (2207)-Suder,J (2340) chess.com INT 2025 0-1 (47)}) ({RR} 7... O-O 8. e3 ({RR} 8. Qc2 Nc6 9. a3 Ne7) 8... Bf5 9. Qb3 Bxg3 10. hxg3 Nc6 ({RR} 10... b6 11. Be2 Qd6 12. Ne5 h6 13. g4 Bh7 14. Bf3 Rd8 15. g5 hxg5 16. Rxh7) ({RR} 10... Qd6 11. Nh4 Bc8 ({RR} 11... Bg4) 12. Bd3 g6 13. Nf3 Nc6 14. Rc1 Ne7 15. Na4 b6 16. Ne5 Be6 17. O-O Rfc8) 11. Be2 ({RR} 11. Qxb7 Qd6 12. Qb3 Rab8 13. Qd1 Rxb2) 11... Qd6 12. O-O Ne7 13. Ne5 h5 ({RR} 13... b6 14. g4 Be6 15. Rac1 Nd7 ({RR} 15... c5 16. Qa3 Rfd8 17. f4 cxd4 18. Qxd6 Rxd6 19. exd4) 16. f4 f6 17. Nd3 c5 18. Qa3 Rfc8 19. Na4) 14. Rfc1 Ng4 15. Na4 ({RR} 15. Nxg4 hxg4) ({RR} 15. Bf3 Nxe5 16. dxe5 Qxe5 17. Nxd5 Nxd5 18. Bxd5 Rab8) 15... b6 16. Qc3 ({RR} 16. Nd3 Rfc8 17. Nf4 g6 18. Bf3 Nf6 19. Nc3 Rd8 20. Re1) 16... Rfc8 17. Nd3 Bd7 18. b3 ({RR} 18. Qb3) 18... Ng6 ({RR} 18... Bxa4 19. bxa4 a5 20. Bf3) 19. Qb4 ({RR} 19. Nab2 a5 ({RR} 19... Nxe3 20. fxe3 Qxg3 21. Qd2 Nh4 22. Bxh5) 20. Nf4 Nxf4 21. exf4 c5 22. Nd3 c4 23. Ne5 b5 24. bxc4 bxc4 ({RR} 24... dxc4 25. a4) 25. Rab1) 19... Qf6 20. Nc3 ({RR} 20. Qe1 Qg5 ({RR} 20... h4 21. Bxg4 Bxg4 22. gxh4 Nxh4 23. Ne5) 21. Nf4 Nxf4 22. exf4 Qf6 23. Nc3) 20... Qf5 ({RR} 20... a5 21. Qa3 c6 22. Bxg4 Bxg4 23. Qb2 h4 24. gxh4 Qxh4 25. Qd2 ({RR} 25. Na4 Rab8) ({RR} 25. f3 Bf5 26. Ne1) 25... f6) 21. a4 a5 ({RR} 21... h4 22. gxh4 Nxh4 23. Nf4 g5 24. Ncxd5) 22. Qa3 {Karjakin,S (2783)-Adams,M (2761) Shamkir 2017 CBM 178 [Quintiliano,Renato] 0-1 (39)} {RR} Qg5 ({RR} 22... h4 23. gxh4 Nxh4 24. Nf4 Nf6 25. b4 g5 26. Bd3 ({RR} 26. Nd3 Kg7) 26... Qg4 27. Be2 Qf5 28. Bd3) 23. Bxg4 Bxg4 24. Nf4 c6 25. Nce2 h4 26. gxh4 Nxh4 27. Ng3) ({RR} 7... Bf5 8. e3 ({RR} 8. Qb3 Nc6 9. Bxd6 Qxd6 10. Qxb7 O-O)) 8. e3 Nxg3 9. hxg3 c6 10. Bd3 Nd7 11. g4 g6 12. g5 Nf8 13. e4 Bg4 14. exd5 cxd5 15. Nxd5 Qa5+ 16. Nc3 Ne6 17. Rh4 Bxf3 18. Qxf3 Qxg5 19. Qxb7 O-O 20. Re4 Nf4 21. Rxf4 Qxf4 22. Ne2 Qh6 23. g3 Rab8 24. Qf3 Rxb2 25. Bxa6 Qh3 26. a3 Re8 27. Bc4 Re7 28. Ra2 Rexe2+ 29. Bxe2 Rxa2 30. Bc4 Qh1+ 0-1

[Event "St Louis Spring A"]
[Site "Saint Louis USA"]
[Date "2023.04.09"]
[Round "5.3"]
[White "Nyzhnyk, I."]
[Black "Yoo, Christopher Woojin"]
[Result "1/2-1/2"]
[WhiteElo "2644"]
[BlackElo "2607"]
[PlyCount "40"]
[EventDate "2023.04.05"]

1. d4 {Ponomariov,Ruslan} d5 2. c4 e6 3. Nf3 Nf6 4. g3 Bb4+ ({RR} 4... dxc4 5. Bg2 Bb4+ 6. Bd2 a5) 5. Bd2 Be7 6. Bg2 O-O 7. Qc2 c6 8. O-O b6 9. b4 ({RR} 9. Rd1 Ba6 ({RR} 9... Nbd7 10. Bf4 Ba6 11. Ne5 Qc8 ({RR} 11... Rc8)) 10. Ne5 ({RR} 10. b3 Nbd7 11. Bf4 ({RR} 11. a4)) 10... Qc8 ({RR} 10... Nfd7) 11. Nc3 Nbd7 ({RR} 11... dxc4 12. Ne4 b5 13. Nc5) 12. Rac1 ({RR} 12. Bf4) 12... Nxe5 ({RR} 12... Bxc4 13. Nxc4 dxc4 14. Ne4 ({RR} 14. b3 cxb3 15. Qxb3 Qb7) ({RR} 14. e4 b5 15. d5 e5) 14... b5 15. b3 Nb6 16. Nxf6+ ({RR} 16. Ba5 Nfd5) 16... Bxf6 17. Ba5 Rd8 18. bxc4 bxc4 19. Bxb6 axb6 20. Qxc4 Qa6 21. Qxa6 Rxa6 22. Rxc6 Rxa2 23. e3 Rb2) 13. dxe5 Nd7 ({RR} 13... Ng4 14. Bh3 ({RR} 14. cxd5 cxd5 15. Qa4 Qc4 16. b4) 14... Nxe5 15. cxd5 cxd5 16. Nxd5) 14. cxd5 cxd5 ({RR} 14... exd5 15. b4 ({RR} 15. Bf4 g5 16. Be3 Nxe5 17. Bd4 Qe6 18. e4 dxe4 19. Bxe4 f5 20. Bg2 Bf6 ({RR} 20... Rad8 21. Qa4) 21. Bxe5 Bxe5 22. Nd5 Bb7 23. Nb4 Rac8 24. Bxc6 Rc7 25. Qa4 f4 26. Rc2) 15... Nxe5 16. b5 Bxb5 17. Nxb5 cxb5 18. Bc3 ({RR} 18. Qb2 Qf5 19. Bf4 Ng6 20. Rxd5 Qe6 21. Be3 b4 22. Bd4 Bf6 23. Bxf6 Qxf6 24. Qxb4 Rac8) 18... Ng4 19. Bxd5 Ba3 20. Bxa8 Bxc1 21. Qxc1 b4 22. Bxb4 Qxc1 23. Rxc1 Rxa8 24. f3 Nf6 25. e4) 15. Bf4 ({RR} 15. Qa4 Qb7 ({RR} 15... Nc5 16. Qg4) 16. Be3 ({RR} 16. Bh6 gxh6 17. Nxd5 exd5 18. Bxd5 Qb8 19. Qxa6 Nxe5) 16... b5 17. Nxd5 exd5 18. Bxd5 Qxd5 19. Qxa6 Nb8 20. Rxd5 Nxa6 21. Rxb5 Rfc8 22. Rxc8+ Rxc8 23. Bxa7) 15... g5 16. Bxd5 ({RR} 16. Be3 Nxe5 17. Bd4 ({RR} 17. Qa4 Nc4 18. Nxd5 exd5 19. Rxd5 b5 20. Rxb5 Bxb5 21. Qxb5 Rb8 22. Qxc4 Qxc4 23. Rxc4 Rxb2) 17... Nc6 ({RR} 17... Ng6 18. Qa4 Qc4 19. b4 Rfc8 20. h4) 18. Nxd5 exd5 19. Qxc6 Qxc6 20. Rxc6 Bxe2 21. Re1 Bb5 22. Rc3 Bb4 23. Re5 h6 24. Rb3 Rac8 25. h4 Rc1+ 26. Kh2 Rc4 27. Be3 gxh4 28. Bxh6 Re8 29. Rxd5 Bc6 30. Rg5+ Kh7) 16... exd5 17. Nxd5 Qd8 ({RR} 17... Bd8 18. Qd2 ({RR} 18. Qf5 Nc5) 18... Qb8 19. e6 ({RR} 19. Bxg5 Qxe5) 19... gxf4 20. e7 ({RR} 20. exd7 fxg3 21. hxg3 Qe5) 20... Qe5 21. exf8=Q+ Nxf8 22. Qxf4 Qxf4 23. Nxf4 Ng6) 18. Nc7 ({RR} 18. Be3 Nc5 ({RR} 18... Nxe5 19. Qf5 Qd6 20. Nc7) ({RR} 18... Rc8 19. Qxc8 Bxc8 20. Rxc8) 19. b4 Ne6 20. Qc6) 18... Rc8 ({RR} 18... gxf4 19. Nxa8 ({RR} 19. Nxa6 fxg3 20. hxg3 ({RR} 20. Qf5 gxf2+ 21. Kf1 Rc8) 20... Bg5 21. f4 Bxf4 22. gxf4 Kh8) ({RR} 19. Qf5 Bc8 20. Nxa8 ({RR} 20. e6 fxe6 21. Qg4+ Kh8 22. Nxe6 Rg8 23. Qf3 Qe8 24. Qxa8 fxg3 25. hxg3 Nf6) 20... fxg3 21. hxg3 Nc5 22. Rxd8 Bxf5 23. Rxf8+ Kxf8 24. Nc7) 19... Bc5 ({RR} 19... fxg3 20. hxg3 Bg5 21. Nc7 Bxc1 22. Nxa6) 20. b4 Qxa8 21. Rxd7 Bc8 22. e6 Bxd7 23. exd7 Bxb4 24. Qf5 Bc5 25. Rc4) 19. e6 ({RR} 19. Qc6 Nb8 20. Qh6 gxf4 21. Rxd8 Bxd8) 19... fxe6 ({RR} 19... gxf4 20. Rxd7 Rxc7 21. Qxc7 Qxc7 22. Rcxc7 Bf6 23. e7 Re8 24. Rxa7 Bxe2 25. Rd8 Rxd8 26. exd8=Q+ Bxd8 27. Ra8) 20. Qc6 Qe8 21. Qxe6+ ({RR} 21. Rxd7) 21... Qf7 22. Qxf7+ Kxf7 ({RR} 22... Rxf7 23. Nxa6 Rxc1 24. Bxc1) 23. Nxa6 gxf4 {Ponomariov,R (2734)-Kramnik,V (2790) Dortmund 2010 CBM 138 [Ponomariov,Ruslan] 1-0 (36)}) 9... Ba6 ({RR} 9... dxc4 10. Ne5 Nd5 11. a3 b5 12. e4 Nb6 13. Be3 Bb7 14. Nc3 N8d7 15. Rad1 Nxe5 16. dxe5 Qc7 17. f4 Rad8 18. f5 exf5 19. exf5 Qxe5 20. Bf4 Qf6 21. Nxb5 cxb5 22. Bxb7 Rxd1 23. Rxd1 Rd8 24. Rxd8+ {Crevatin,L (2260)-Alavkin,A (2367) chess.com INT 2025 ½-½ (36)}) 10. Na3 Nbd7 11. Rfc1 $146 ({RR} 11. Rfd1 Rc8 12. Rac1 Ne4 13. Be1 f5 14. Qa4 Bxc4 15. Nxc4 b5 16. Qxa7 bxc4 17. Ne5 Nxe5 18. dxe5 Ra8 19. Qb7 Rxa2 20. Qxc6 Qc8 21. Qxc8 Rxc8 22. h4 Rxe2 23. f3 Rxe1+ 24. Rxe1 Nxg3 25. b5 d4 {Czerw,D (2398)-Jaferian,K (2227) Chess.com INT 2022 0-1 (66)}) 11... Rc8 12. e3 c5 13. bxc5 bxc5 14. Qa4 Bb7 15. Qxa7 Bc6 16. Qa6 Nb8 17. Qa7 Nbd7 18. Qa6 Nb8 19. Qa7 Nbd7 20. Qa6 Nb8 1/2-1/2

[Event "Interpolis-08"]
[Site "Tilburg"]
[Date "1984.10.08"]
[Round "5"]
[White "Portisch, Lajos"]
[Black "Ribli, Zoltan"]
[Result "1/2-1/2"]
[WhiteElo "2625"]
[BlackElo "2610"]
[PlyCount "20"]
[EventDate "1984.10.03"]
[EventType "tourn"]
[EventRounds "11"]
[EventCountry "NED"]
[EventCategory "14"]
[SourceTitle "MCD"]
[Source "ChessBase"]
[SourceDate "1999.07.01"]
[SourceVersion "1"]
[SourceVersionDate "1999.07.01"]
[SourceQuality "1"]

1. d4 {Krasenkow,Michal} Nf6 2. c4 e6 3. Nf3 d5 4. Bg5 dxc4 5. Qa4+ Nbd7 6. Nbd2 ({RR} 6. Nc3 a6 7. g3 ({RR} 7. e4 b5 ({RR} 7... Rb8 8. Qxc4 ({RR} 8. Bxf6 Qxf6 9. Qxc4 c5 10. e5 Qf4 11. d5 Qxc4 12. Bxc4 Nb6 13. Nd2 Nxc4 14. Nxc4 b5 15. Ne3 Be7 16. d6 Bd8) 8... b5 9. Qd3 Bb7 10. e5 h6 11. Bh4 g5 12. Nxg5 hxg5 13. Bxg5 Rg8 14. h4 b4 15. Na4 Rxg5 16. hxg5 Ne4) ({RR} 7... Be7 8. Bxc4 ({RR} 8. Bxf6 Bxf6 9. e5 Be7 10. Bxc4 O-O 11. Qc2 c5 12. d5 Nb6 13. d6 Nxc4 14. dxe7 Qxe7 15. Ne4 b5 16. Nfg5 f5 17. exf6 gxf6 18. Nf3 Bb7) 8... O-O ({RR} 8... Rb8 9. Qc2 b5 10. Bd3 Bb7 11. Rd1 c5 12. dxc5 Qa5 13. O-O Nxc5) 9. Qc2 c5 ({RR} 9... h6 10. Bxf6 Nxf6 11. e5 Nd5 12. Qe4 Bb4 13. Rc1 c5 14. O-O Bxc3 15. bxc3 cxd4 16. cxd4 Bd7 17. Bd3 g6 18. Qg4 Kg7) 10. dxc5 Qc7 11. b4 b6 12. O-O Bb7 13. Rfe1 Ne5 14. Nxe5 Qxe5 15. Be3 bxc5 16. b5 axb5) ({RR} 7... h6 8. Bxf6 gxf6 9. Bxc4 Rb8 10. Be2 b5 11. Qc2 c5 12. d5 Bd6 13. O-O Qc7 14. a4 b4 15. dxe6 fxe6 16. Nb1 Ne5 17. Nbd2 O-O 18. Kh1 Bb7 19. Nc4 Nxf3 20. Bxf3 Be5 21. Bg4) 8. Nxb5 axb5 ({RR} 8... Rb8 9. Nc3 Rxb2 10. Ne5 Bb7 ({RR} 10... h6 11. Bc1 ({RR} 11. Nc6 Nb6 12. Nxd8+ Nxa4 13. Nxa4 Rb4) 11... Rb4 12. Qc2 c5) ({RR} 10... c5 11. d5 Rb4 12. Qc6 Rb6) 11. Nxc4 Rb4 12. Qc2 Ba8 13. e5 h6 14. Bd2 Nd5 15. Nxd5 Bxd5 16. Nd6+ Bxd6 17. exd6 Rb7 18. Ba5 Qa8 19. dxc7 O-O 20. h4 Rc8 21. Rh3 Qa7 22. Rc1 Qxd4 23. Qc3) 9. Qxa8 Bb4+ 10. Kd1 Nb6 11. Qa7 ({RR} 11. Qc6+ Bd7 12. Qb7 Bc8) 11... e5 12. Kc2 exd4 13. Rd1 d3+ 14. Bxd3 cxd3+ 15. Rxd3 Qe7 16. a3 O-O 17. axb4 Qxe4) ({RR} 7. Qxc4 b5 ({RR} 7... c5) 8. Qb3 ({RR} 8. Qc6 Ra7 9. Ne5 Be7 10. Bxf6 Bxf6 11. Nxd7 Bxd7 12. Qc5 Qa8 13. e3 Be7 14. Qh5 b4 15. Ne2 O-O) 8... c5 9. e3 ({RR} 9. dxc5 Nxc5 10. Qd1 Bb7 11. Qxd8+ Rxd8 12. Rc1 h6 13. Be3 Nce4 14. Nd2 Nxc3 15. bxc3 Ba3) 9... Bb7 10. Be2 cxd4 11. exd4 Be7 12. O-O O-O 13. Ne5 Nb6 14. Rfd1 Nfd5 15. Bxe7 Qxe7 16. Bf3 Nxc3 17. Qxc3 Rac8 18. Qd3 Bxf3 19. Nxf3 h6) ({RR} 7. Bxf6 gxf6 ({RR} 7... Qxf6 8. Qxc4 c5 9. Ne4 Qf4 10. dxc5 Nxc5 11. Ned2 Qxc4 12. Nxc4 b5) 8. O-O-O Rb8 9. Qxc4 b5 10. Qd3 Bh6+ 11. e3 Bb7 12. d5 Qe7 13. dxe6 fxe6 14. Qd4 Bg7 15. Qh4 f5 16. Qxe7+ Kxe7) ({RR} 7. e3 Rb8 8. Bxf6 gxf6 9. Qxc4 b5 10. Qd3 Bb7 11. Rd1 c5 12. d5 c4 13. Qc2 Bb4 14. dxe6 fxe6 15. Be2 Qa5) 7... b5 ({RR} 7... c5 8. Bg2) 8. Nxb5 Rb8 9. Na7 ({RR} 9. Na3 Rxb2 ({RR} 9... Bb4+ 10. Bd2 Bxd2+ 11. Nxd2 Bb7 12. f3 O-O 13. Naxc4 Nb6 14. Nxb6 cxb6 15. e4) 10. Nxc4 Rb4 11. Qc2 Bb7 12. Bg2 Be7 13. O-O Be4 14. Qc1 O-O 15. Bd2 Rb7) 9... Rb4 10. Bxf6 gxf6 11. Qa5 Bb7 12. Bh3 Qb8 ({RR} 12... Qa8 13. Qh5 Ke7 14. d5 Bxd5) 13. Qh5 Ke7 ({RR} 13... Rb6) 14. d5 Qxa7 ({RR} 14... Bxd5 15. Qxd5 exd5 16. Nc6+ Kd6 17. Nxb8 Rxb8) 15. dxe6 fxe6 16. Bxe6 Kxe6 17. Qe8+ Be7 18. Qxh8 Nf8 19. Qg8+ Kd7 20. O-O-O+ ({RR} 20. Qg4+ Ke8 21. Qh5+ Ng6 22. Qxh7) ({RR} 20. Rd1+ Ke8 21. Nd4 Bc8) 20... Ke8 {Wang,Y (2739)-Ivanchuk,V (2779) Wijk aan Zee 2009 CBM 129 [Krasenkow,Michal] 0-1} {RR} 21. Nd4 c3) ({RR} 6. Nc3 h6 7. Bh4 a6 8. e3 Be7 9. Bxc4 O-O 10. Be2 b5 11. Qc2 Bb7 12. O-O c5 13. Rfd1 Qb6 14. dxc5 Nxc5 15. b4 Nce4 16. Nxe4 Bxe4 17. Qb2 Rac8 18. Rac1 Bd5 19. a3 Qb7 20. Ne1 Bc4 {Mikhailova,I (2166)-Diachek,A (2279) chess.com INT 2026 1-0 (55)}) ({RR} 6. Nc3 a6 7. g3 Be7 8. Bg2 b5 9. Nxb5 Nb6 10. Nxc7+ Kf8 11. Qc6 Rb8 12. Ne5 Bb7 13. Nxe6+ fxe6 14. Qxe6 Bd5 15. Bxd5 Qxd5 16. Qxd5 Nfxd5 17. Bxe7+ Nxe7 18. e4 Ng6 19. Nc6 Rc8 20. Na5 Kf7 {Von Herman,U (2391)-Ribli,Z (2584) Germany 2014 ½-½}) 6... Be7 $146 ({RR} 6... a6 7. Qxc4 c5 8. dxc5 Bxc5 9. Ne4 Be7 10. Rd1 Nxe4 11. Bxe7 Qxe7 12. Qxe4 O-O 13. e3 Nf6 14. Qh4 e5 15. a3 Bf5 16. Be2 Rac8 17. O-O Rc2 18. Rd2 Rxd2 19. Nxd2 Rc8 20. Rd1 Rc2 21. Bf3 {Bartel,M (2609)-Nowak,L (2288) Bialystok 2017 1-0 (36)}) ({RR} 6... a6 7. Qxc4 c5 8. dxc5 Bxc5 9. Nb3 b5 10. Qc2 Bb6 11. Rd1 Bb7 12. e3 Rc8 13. Qb1 h6 14. Bh4 Qe7 15. a3 e5 16. Nfd2 Qe6 17. Bd3 Qg4 18. Bg3 Bxg2 19. Bf5 Qh5 20. Rg1 Bh3 21. Ne4 {Strutinskaya,G (2105)-Madaminov,M (2512) Tashkent UZB 2024 0-1 (45)}) 7. Qxc4 O-O 8. e3 b6 9. Be2 Bb7 10. O-O c5 1/2-1/2

[Event "Titled Tue 31st Oct Early"]
[Site "chess.com INT"]
[Date "2023.10.31"]
[Round "10"]
[White "Andreikin, D."]
[Black "Xu, Xiangyu"]
[Result "1-0"]
[WhiteElo "2729"]
[BlackElo "2623"]
[PlyCount "20"]
[EventDate "2023.10.31"]

1. Nf3 {Ftacnik,Lubomir} d5 2. d4 Nf6 3. c4 e6 4. Bg5 dxc4 5. e4 Bb4+ 6. Nc3 c5 7. Bxc4 cxd4 8. Nxd4 Qa5 9. Bd2 O-O ({RR} 9... Qc5 10. Bb5+ Bd7 11. Nb3 Qe7 12. Bd3 ({RR} 12. Qe2 O-O 13. Bxd7 ({RR} 13. Bd3 e5 14. a3 Bxc3 15. Bxc3 Nc6 16. O-O Bg4 17. Qe3 Rfd8 18. h3 Be6 19. Nc5 Bc8 20. Nb3 b6 21. Rad1 Be6) 13... Nbxd7 14. a3 Nc5 15. Nxc5 Bxc5 16. O-O) 12... Nc6 13. O-O ({RR} 13. a3 Bd6 14. Be3 ({RR} 14. O-O Rd8 15. f4 Bc8 16. e5 Bc5+ 17. Kh1 Rxd3 18. exf6 gxf6 19. Qe2 Qd8 20. Rad1 Be7 21. Be3 Rd7) 14... a6 15. O-O O-O 16. f4 e5 17. f5 Nd4 18. Nxd4 exd4 19. Bxd4 Bc5 20. Bxc5 Qxc5+) 13... O-O 14. a3 Bd6 15. f4 ({RR} 15. Bg5 h6 16. Bh4 Bf4 17. Ne2 e5 18. Nxf4 exf4 19. f3 Be6 20. Bf2) 15... e5 16. f5 Nd4 17. Bg5 Bc6 18. Nd2 ({RR} 18. Na5 h6 19. Bh4 Bc7 20. Nxc6 bxc6) 18... b5 ({RR} 18... Rfd8 19. Kh1 Bc7 20. Bc4 Qd6 21. Bd5 Rd7 22. Nc4) 19. Nd5 Bxd5 20. exd5 Bc5 21. Kh1 Rfd8 22. Ne4) 10. Nb3 ({RR} 10. Nc2 Bxc3 ({RR} 10... Qc7 11. Qe2 Be7 12. O-O) 11. Bxc3 Qg5 12. Qe2 ({RR} 12. Qf3 Nbd7 ({RR} 12... e5 13. Ne3) 13. Be2 Qh4 14. e5 Nd5) 12... Qxg2 13. O-O-O Qxe4 ({RR} 13... Nxe4 14. Rhg1 Nxc3 15. Qe5 f6 16. Bxe6+ Kh8 17. Qd6) 14. Rhg1 g6 ({RR} 14... Qxe2 15. Bxe2 e5 ({RR} 15... Nbd7 16. Rxd7 Bxd7 17. Bxf6 g6 18. Bf3) ({RR} 15... Ne8 16. Bb4 e5 17. Bd3) 16. Bxe5 Ne8 17. Bd4 ({RR} 17. Nd4 Na6) 17... Kh8 18. Nb4 Be6) 15. Ne3 e5 ({RR} 15... Nbd7 16. Rd4 Qc6 17. Rgd1 Ne4 18. Bb4) 16. f4 Be6 ({RR} 16... exf4 17. Nd5 Qxe2 18. Nxf6+) ({RR} 16... Qxf4 17. Rdf1 Qh4 18. Be1 Qh5 19. Nd5 Nbd7 20. Nxf6+ Nxf6 21. Rxf6 Qxe2 22. Bxe2) 17. Bd3 ({RR} 17. Bxe6 fxe6 18. fxe5 Nd5) 17... Qxf4 ({RR} 17... Qa4 18. fxe5 ({RR} 18. Bxe5 Rc8+ 19. Bc2 Nbd7) 18... Ne4 19. Bxe4 Qxe4 20. Rd4 Qxe5 21. Qf3 Qc5 ({RR} 21... Nc6 22. Re4 Qxh2 23. Rh1) 22. Qf6) 18. Rgf1 ({RR} 18. Rdf1 Qh4 19. Be1 Rc8+ 20. Nc2 ({RR} 20. Kb1 Qa4 21. b3 Bxb3) 20... Qd4 21. Bc3 Qc5) 18... Qh4 ({RR} 18... Qg5 19. Rg1 ({RR} 19. h4 Qxh4 20. Bxe5 Nbd7 21. Bd6 Rfc8+ 22. Kb1 Qa4) 19... Qh5 20. Qxh5 Nxh5 21. Bxe5 Bxa2 22. Nf5 Rc8+ 23. Bc3 Nc6 24. Be4) 19. Be1 Qa4 ({RR} 19... Rc8+ 20. Kb1 Qa4 21. b3 Bxb3 22. axb3 Qxb3+ 23. Qb2 Qxb2+ 24. Kxb2 Kg7 ({RR} 24... Nbd7 25. Bb5) 25. Bh4) 20. Rxf6 Nc6 ({RR} 20... Rc8+ 21. Bc2 ({RR} 21. Bc3 Qxa2 22. Rf2 Nd7) 21... Qxa2 22. Qb5 Qa1+ 23. Kd2 Rd8+ 24. Ke2 Rxd1 25. Bxd1 Nc6 ({RR} 25... Qa6 26. Qxa6 Nxa6) 26. Qxb7 Nd4+ 27. Kf1 Re8 28. Bg4) 21. Rxe6 ({RR} 21. b3 Qa3+ 22. Kb1 Nd4 23. Qg2) 21... Nd4 ({RR} 21... fxe6 22. Kb1 ({RR} 22. Bc4 Nd4 23. Qg4 Qc6 ({RR} 23... Rac8 24. Rxd4) 24. Bc3 Rf4) 22... Nd4 23. Qg2 Nf5) 22. Qg4 Qxa2 ({RR} 22... fxe6 23. Bxg6 Rf4 24. Bxh7+ ({RR} 24. Rxd4 Rxg4 25. Rxg4 Qc6+ 26. Bc2+ Kf7 27. Re4) 24... Kxh7 25. Qh5+ Kg8 26. Bc3 ({RR} 26. Qxe5 Ne2+ 27. Kb1 Qe4+) 26... Nf3 27. Qg6+ Kf8 28. Qxe6 Qe4 29. Nf5 Qxf5 30. Bb4+ Kg7 31. Rd7+ Qf7 32. Rxf7+ Rxf7 33. Bd6) ({RR} 22... Rac8+ 23. Kb1 fxe6 24. Bxg6 Rf4 25. Bxh7+ Kxh7 26. Qh5+ Kg8 27. Qxe5) 23. Bxg6 ({RR} 23. Rxe5 Qa1+ 24. Bb1 ({RR} 24. Kd2 Qxb2+ 25. Bc2 Rad8) 24... Rac8+ 25. Kd2 Nb3+ 26. Ke2 Qxb2+ 27. Bc2 Rxc2+ 28. Nxc2 Qxe5+) 23... hxg6 ({RR} 23... fxg6 24. Rxd4 Qa1+ 25. Kc2 exd4 26. Rxg6+ hxg6 27. Qxg6+) ({RR} 23... Kh8 24. Rxd4 Qxe6 25. Qxe6 fxe6 26. Rh4) 24. Rxg6+ fxg6 {Kasparov,G (2851)-Morozevich,A (2748) Sarajevo 2000 CBM 077 [Ftacnik,Lubomir] ½-½} {RR} 25. Qxg6+) ({RR} 10. Qe2 Nbd7 11. O-O Ne5 12. a3 Qc7 13. Ba2 Be7 14. Rfd1 Bd7 15. Rac1 Qb8 16. f4 Bc5 17. Be1 Nc6 18. Ncb5 Bxd4+ 19. Nxd4 Qxf4 20. Nb5 Rfd8 21. Nd6 Nd4 22. Qf2 Qxd6 23. Rxd4 Qe7 24. Bb4 Qe8 {Lodici,L (2562)-Drygalov,S (2541) chess.com INT 2024 0-1 (76)}) 10... Qc5 $146 ({RR} 10... Qc7 11. Qe2 Nc6 12. O-O a6 13. f4 b5 14. Bd3 Bb7 15. e5 Bxc3 16. bxc3 Nd7 17. Rac1 Rfd8 18. Kh1 g6 19. Be1 Na5 20. Nxa5 Qxa5 21. c4 Qa3 22. Rc3 Qa4 23. cxb5 axb5 24. Bh4 Qd4 25. Rc7 {Papenin,N (2261)-Moskovets,K (2319) Kiev 2001 0-1 (72)}) 1-0